1682 1987 1271 1570 1018 1753 1058 1031 1511 1357 1523 1682 1018 1228 1708 1227 1290 1441 1790 1178 1932 1197 1628 1854 1540 1979 1840 1978 1056 1871 1670 1153 1311 1523 1605 1909 1634 1528 1335 1401 1592 1939 1040 1288 1122 1862 1257 1753 1610 1670 1978 1752 1684 1874 1661 1894 1654 1684 1749 1792 1132 1663 1668 1959 1693 1493 1206 1281 1524 1910 1429 1438 1636 1778 1094 1256 1222 1616 1336 1168 1203 1699 1906 1299 1134 1615 1012 1648 1174 1033 1995 1496 1209 1108 1688 1574 1938 1300 1252 BCNSPRNW ULIB Ver.6.0+V

เปลี่ยนเป็นภาษาไทย

Change to English
 แสดงรายละเอียดบรรณานุกรม
  กลับหน้าหลัก

Brief Record : Get Marc (ISO 2709) : E-mail record : QR code < ปิดหน้าต่าง
LEADER : 00000nam 2200000uu 4500
001    13399128449
003     ULIB
008    230829s2565||||th 000 0 tha d
020    ^a9786164685246
060 04 ^aQU145^bจ483ก
100 0  ^aจินตนา สุวิทวัส
245 10 ^aการประเมินภาวะโภชนาการ /^cโดย จินตนา สุวิทวัส
250    ^aพิมพ์ครั้งที่ 5
260    ^aขอนแก่น ;^bคณะพยาบาลศาสตร์ มหาวิทยาลัยขอนแก่น,^c2565
300    ^aฎ, 137 แผ่น :^bภาพประกอบ ;^c26 ซม.
504    ^aมีบรรณานุกรมและดัชนี
650  2 ^aNutritional Status
650  4 ^aภาวะโภชนาการ
710 2  ^aมหาวิทยาลัยขอนแก่น.^bคณะพยาบาลศาสตร์
945    ^p250^l0^i29650
945    ^p250^l0^i29651
999    ^aกัณชพร จุลอักษร
รายการนี้ยังไม่มีแท็ก
คุณยังไม่ได้ล็อกอิน คุณสามารถมีกิจกรรมร่วมกับเว็บไซต์ได้ แต่ต้องล็อกอินก่อน ::
  ล็อกอิน

รายการสื่อสารสนเทศ

ลำดับที่ ประเภท เลขเรียก/บาร์โค้ด สถานที่ สถานะ
1. หนังสือสำรอง
หนังสือสำรอง
QU145 จ483ก ฉ.1 
  Barcode: 29650
ห้องสมุดวิทยาเขตนครสวรรค์
►หนังสือทั่วไป:l:General Books
บนชั้น
2. วิทยาศาสตร์การแพทย์ และสุขภาพ
วิทยาศาสตร์การแพทย์ และสุขภาพ
QU145 จ483ก ฉ.2 
  Barcode: 29651
ห้องสมุดวิทยาเขตนครสวรรค์
►หนังสือทั่วไป:l:General Books
บนชั้น

รายการใกล้เคียง
    ผู้แต่ง [จินตนา สุวิทวัส]

    หัวเรื่อง [Nutritional Status]
    หัวเรื่อง [ภาวะโภชนาการ]

BibComment


ยังไม่เคยถูกคอมเมนท์

คอมเมนท์ทรัพยากรรายการนี้
  คอมเมนท์: การประเมินภาวะโภ..


 Copyright 2026. Bcnsprnw @Library